000
00301nam a22001337a 4500
008
170930b xxu||||| |||| 00| 0 eng d
020
_a
2900761978304
041
_a
eng
080
_a
37
100
_a
47
101
_a
EDU
245
_a
AWAKENING THE SLEEPING GIANT
_c
KATZENMEYER, M
942
_2
udc
_c
BK
999
_c
31036
_d
31036